| 000 | 00820nac a22002417a 4500 | ||
|---|---|---|---|
| 001 | BR7907544 | ||
| 003 | BR-BrBNA | ||
| 005 | 20240105114538.0 | ||
| 008 | 230509b bl.|||m| |||| 00| 0 por d | ||
| 040 |
_aBR-BrBNA _bpor _cBiblioteca Nacional de Agricultura |
||
| 072 | _aL30 | ||
| 090 | _a5214 BR7907544 | ||
| 100 | 1 | _aBarrocas, F.A.L. | |
| 110 | 1 | _aEmpresa de Assistencia Tecnica e Extensao Rural do Ceara, Fortaleza (Brasil) | |
| 245 | 1 | _aInformes sobre alimentacao da vaca leiteira | |
| 260 | 3 |
_aFortaleza, CE (Brasil): _c1979. |
|
| 300 | _a4 p. | ||
| 490 |
_aInformativo Tecnico. Pecuaria - Empresa de Assistencia Tecnica e Extensao Rural do Ceara (Brazil) _vno. 11 _x |
||
| 650 | _aVACA LEITEIRA | ||
| 650 | _aNUTRICAO ANIMAL | ||
| 909 |
_a202312 _bLúcia Elande _c55 _dLúcia Elande |
||
| 942 |
_2AGRIS _n0 _cMS |
||
| 999 |
_c269962 _d269962 |
||